|
|
|
|
| LEADER |
00000nam1a2200000 4500 |
| 001 |
111506 |
| 005 |
20231031120848.0 |
| 010 |
|
|
|a 9785906828125
|
| 035 |
|
|
|a (RuTPU)RU\TPU\book\120429
|
| 035 |
|
|
|a RU\TPU\book\120426
|
| 090 |
|
|
|a 111506
|
| 100 |
|
|
|a 20070316d2020 m y0rusy50 ca
|
| 101 |
1 |
|
|a rus
|c eng
|
| 102 |
|
|
|a RU
|
| 200 |
1 |
|
|a Органическая химия Марча. Реакции, механизмы, строение
|e углубленный курс для университетов и химических вузов
|e в 4 т.
|e пер. с англ.
|f М. Смит
|
| 205 |
|
|
|a 2-е изд.
|
| 210 |
|
|
|a Москва
|c Лаборатория знаний
|d 2020
|
| 225 |
1 |
|
|a Лучший зарубежный учебник
|
| 700 |
|
1 |
|a Смит
|b М.
|g Майкл
|
| 801 |
|
1 |
|a RU
|b 63413507
|c 20060619
|g PSBO
|
| 801 |
|
2 |
|a RU
|b 63413507
|c 20191114
|g PSBO
|
| 942 |
|
|
|c BK
|